| 000 | 00744nam a2200241Ia 4500 | ||
|---|---|---|---|
| 003 | OSt | ||
| 005 | 20191211062520.0 | ||
| 008 | 180305s2008||||pe aaaafr|||||||0 ||spa|d | ||
| 040 |
_apeliigp _bespañol _cpeliigp |
||
| 041 | _aspa | ||
| 082 | 0 | 4 |
_221 _aR/353.95/I5/2008 |
| 110 | 2 |
_aInstituto Nacional de Defensa Civil (INDECI) _91437 |
|
| 245 | 1 | 0 | _aCompendio estadístico de prevención y atención de desastres 2007 |
| 260 |
_aLima: _bINDECI, _c2010. |
||
| 300 |
_a615 páginas: _bilustraciones; _c29 cm. |
||
| 500 | _aIncluye glosario de términos. | ||
| 650 | 1 | 4 |
_9136 _aDESASTRES NATURALES |
| 650 | 2 | 4 |
_9645 _aPREVENCIÓN DE DESASTRES |
| 650 | 2 | 4 |
_91438 _aDATOS ESTADÍSTICOS |
| 651 | 4 |
_915 _aPERÚ |
|
| 910 | _aphc | ||
| 942 |
_cREF _2ddc |
||
| 999 |
_c12429 _d12429 |
||